Only one God? : (Record no. 33994)
[ view plain ]
| 000 -LEADER | |
|---|---|
| fixed length control field | 00801nam a2200229Ia 4500 |
| 008 - FIXED-LENGTH DATA ELEMENTS--GENERAL INFORMATION | |
| fixed length control field | 201221s9999||||xx |||||||||||||| ||und|| |
| 020 ## - INTERNATIONAL STANDARD BOOK NUMBER | |
| International Standard Book Number | 1841271993 |
| 020 ## - INTERNATIONAL STANDARD BOOK NUMBER | |
| International Standard Book Number | 9781841271996 |
| 041 ## - LANGUAGE CODE | |
| Language code of text/sound track or separate title | eng |
| 050 ## - LIBRARY OF CONGRESS CALL NUMBER | |
| Classification number | BS1199.A77 |
| Item number | .B33 2001 |
| 100 ## - MAIN ENTRY--PERSONAL NAME | |
| Personal name | Becking, Bob |
| 245 #0 - TITLE STATEMENT | |
| Title | Only one God? : |
| Remainder of title | monotheism in ancient Israel and the veneration of the goddess Asherah / |
| Statement of responsibility, etc. | By Bob Becking, Meindert Dijkstra, Karel Vriezen |
| 260 ## - PUBLICATION, DISTRIBUTION, ETC. | |
| Place of publication, distribution, etc. | London : |
| Name of publisher, distributor, etc. | Sheffield Academic Press, |
| Date of publication, distribution, etc. | 2001 |
| 300 ## - PHYSICAL DESCRIPTION | |
| Extent | 231 p. : |
| Other physical details | ill., maps; |
| Dimensions | 24 cm. |
| 490 ## - SERIES STATEMENT | |
| Series statement | Biblical Seminar |
| Volume/sequential designation | 77 |
| 650 ## - SUBJECT ADDED ENTRY--TOPICAL TERM | |
| Topical term or geographic name entry element | Asherah (Semitic deity) |
| 650 ## - SUBJECT ADDED ENTRY--TOPICAL TERM | |
| Topical term or geographic name entry element | Judaism -- History -- To 70 A.D. |
| 650 ## - SUBJECT ADDED ENTRY--TOPICAL TERM | |
| Topical term or geographic name entry element | Monotheism -- Palestine -- History of doctrines. |
| 700 ## - ADDED ENTRY--PERSONAL NAME | |
| Personal name | Dijkstra, Meindert |
| 700 ## - ADDED ENTRY--PERSONAL NAME | |
| Personal name | Vriezen, Karel |
| Withdrawn status | Lost status | Damaged status | Not for loan | Home library | Current library | Shelving location | Date acquired | Total Checkouts | Full call number | Barcode | Date last seen | Price effective from | Koha item type |
|---|---|---|---|---|---|---|---|---|---|---|---|---|---|
| GETS Theological Seminary Library | GETS Theological Seminary Library | General Stacks | 12/21/2020 | BS1199.A77 .B33 2001 | 00021840 | 12/21/2020 | 12/21/2020 | English Books |